000
00262nam a22001097a 4500
082
_2
22
_a
294.344
100
_a
NA
245
_a
Tenpai Zhapa Dherothee Khenphen Lamzang /
260
_a
DDC Thimphu,
_b
DDC Thimphu,
_c
c1999.
300
_a
00,;
_b
NA
_c
24cm
942
_2
ddc
_c
BK
999
_c
664
_d
664